Statistics for Four Seasons in Four Languages

Click here to take the quiz!

General Stats

  • This quiz has been taken 70 times
  • The average score is 8 of 16

Answer Stats

SeasonAnswer% Correct
French summerété
70%
French springprintemps
70%
French winterhiver
67%
Spanish winterInvierno
60%
German winterWinter
60%
Dutch winterWinter
60%
French autumnautomne
57%
Spanish springprimavera
57%
Spanish summerverano
57%
German summerSommer
56%
Spanish autumnOtoño
51%
German autumnHerbst
43%
German springFrühling
38%
Dutch summerZomer
24%
Dutch autumnHerfst
17%
Dutch springLente
13%

Score Distribution

Percentile by Number Answered

Percent of People with Each Score

Your Score History

You have not taken this quiz